Statistics for SOCCER TEAMS IN BARCLAYS PREMIER LEAGUE (2015-2016) SEASON

Click here to take the quiz!

General Stats

  • This quiz has been taken 173 times
  • The average score is 15 of 20

Answer Stats

Hint Answer % Correct
Arsenal
95%
Manchester United
94%
Manchester City
93%
Chelsea
92%
Liverpool
88%
Tottenham Spurs
85%
Everton
81%
West Han United
78%
Leicester City
78%
Aston Villa
73%
Sunderland
73%
Southampton
71%
West Brom
71%
Watford
66%
Crystal Palace
65%
Stoke City
63%
Bournemouth United
62%
Norwich City
62%
Newcastle United
61%
Swansea City
55%

Score Distribution

Percentile by Number Answered

Percent of People with Each Score

Your Score History

You have not taken this quiz